[Event "DSOL 05 Liga Gr-A 1st"]
[Site "Playchess.com INT"]
[Date "2020.07.08"]
[Round "3.3"]
[White "Rackisch, Matthias"]
[Black "Knoll, Mathias"]
[Result "1-0"]
[WhiteElo "1709"]
[BlackElo "1056"]
[PlyCount "59"]
[EventDate "2020.06.22"]
[EventType "team-tourn (rapid)"]
[EventCountry "GER"]
[SourceTitle "EXT 2021"]
[Source "ChessBase"]
[SourceDate "2020.10.23"]
[SourceVersion "1"]
[SourceVersionDate "2020.10.23"]
[SourceQuality "1"]
[WhiteTeam "Knappen Wittekinds"]
[BlackTeam "Illingen"]
[WhiteTeamCountry "GER"]
[BlackTeamCountry "GER"]

1. e4 e5 2. Nf3 Nf6 3. Nxe5 d6 4. Nf3 Nxe4 5. Nc3 Nxc3 6. dxc3 Bg4 7. Be2 Be7 8. Be3 Nc6 9. Qd2 0-0 10. 0-0-0 Re8 11. h3 Bh5 12. g4 Bg6 13. h4 Bf6 14. h5 Be4 15. Rhg1 Ne5 16. Nd4 c5 17. Nb3 a5 18. g5 Be7 19. Rg3 g6 20. f3 Bd5 21. Qxd5 Qb6 22. f4 Nd7 23. hxg6 hxg6 24. Bc4 Rf8 25. Rh3 Kg7 26. Rdh1 Nf6 27. gxf6+ Kxf6 28. Qg5+ Kg7 29. Rh7+ Kg8 30. Rh8+ 1-0